Shao nian yi xue sheng de fan ji / (Record no. 68127)
[ view plain ]
| 000 -LEADER | |
|---|---|
| fixed length control field | 01030nam a2200289 a 4500 |
| 001 - CONTROL NUMBER | |
| control field | vtls003213740 |
| 003 - CONTROL NUMBER IDENTIFIER | |
| control field | MY-SjTCS |
| 005 - DATE AND TIME OF LATEST TRANSACTION | |
| control field | 20200306171259.0 |
| 008 - FIXED-LENGTH DATA ELEMENTS--GENERAL INFORMATION | |
| fixed length control field | 110218s2010 ch a 000 1 chi d |
| 020 ## - INTERNATIONAL STANDARD BOOK NUMBER | |
| International Standard Book Number | 9789861371214 (pbk.) |
| 039 #9 - LEVEL OF BIBLIOGRAPHIC CONTROL AND CODING DETAIL [OBSOLETE] | |
| Level of rules in bibliographic description | 201712291741 |
| Level of effort used to assign nonsubject heading access points | VLOAD |
| Level of effort used to assign subject headings | 201412241122 |
| Level of effort used to assign classification | patrick |
| Level of effort used to assign subject headings | 201102181812 |
| Level of effort used to assign classification | VLOAD |
| Level of effort used to assign subject headings | 201101181804 |
| Level of effort used to assign classification | pushpa |
| -- | 201012021155 |
| -- | malathy |
| 041 1# - LANGUAGE CODE | |
| Language code of text/sound track or separate title | chi |
| Language code of original | jpn |
| 082 04 - DEWEY DECIMAL CLASSIFICATION NUMBER | |
| Classification number | 895.635 |
| Item number | KAI 2010 |
| 100 1# - MAIN ENTRY--PERSONAL NAME | |
| Personal name | Kaidō, Takeru , |
| Dates associated with a name | 1961- |
| 9 (RLIN) | 49788 |
| 240 10 - UNIFORM TITLE | |
| Uniform title | Igaku no tamago. |
| Language of a work | Chinese. |
| 245 10 - TITLE STATEMENT | |
| Title | Shao nian yi xue sheng de fan ji / |
| Statement of responsibility, etc. | Haitang Zun zhu ; Chen Baolian yi. |
| 250 ## - EDITION STATEMENT | |
| Edition statement | Chu ban. |
| 260 ## - PUBLICATION, DISTRIBUTION, ETC. | |
| Place of publication, distribution, etc. | Taibei Shi : |
| Name of publisher, distributor, etc. | Jiu jing chu ban she gu fen you xian gong si, |
| Date of publication, distribution, etc. | 2010. |
| 300 ## - PHYSICAL DESCRIPTION | |
| Extent | 285 p. : |
| Other physical details | ill. ; |
| Dimensions | 21 cm. |
| 490 1# - SERIES STATEMENT | |
| Series statement | Mix ; |
| Volume/sequential designation | 007. |
| 590 ## - LOCAL NOTE (RLIN) | |
| Local note | English A1 : BL-ENG-SL |
| 650 #0 - SUBJECT ADDED ENTRY--TOPICAL TERM | |
| Topical term or geographic name entry element | Medical students |
| Geographic subdivision | Japan |
| Form subdivision | Fiction. |
| 9 (RLIN) | 300751 |
| 650 #0 - SUBJECT ADDED ENTRY--TOPICAL TERM | |
| Topical term or geographic name entry element | Japanese fiction |
| Form subdivision | Translations into chinese. |
| 9 (RLIN) | 300752 |
| 700 1# - ADDED ENTRY--PERSONAL NAME | |
| Personal name | Chen, Baolian. |
| 9 (RLIN) | 300753 |
| 830 #0 - SERIES ADDED ENTRY--UNIFORM TITLE | |
| Uniform title | Mix ; |
| Volume/sequential designation | 007. |
| 9 (RLIN) | 300754 |
| 920 ## - Programme | |
| Programme | IBD : 156420 |
| Withdrawn status | Lost status | Source of classification or shelving scheme | Damaged status | Not for loan | Collection code | Home library | Current library | Date acquired | Cost, normal purchase price | Total Checkouts | Barcode | Date last seen | Date last checked out | Copy number | Cost, replacement price | Koha item type | Public note |
|---|---|---|---|---|---|---|---|---|---|---|---|---|---|---|---|---|---|
| Withdrawn | Dewey Decimal Classification | Please fill up online form at https://taylorslibrary.taylors.edu.my/services/external_storage1 | TC External Storage | TC External Storage | 06/12/2010 | 40.00 | 6 | 5000107472 | 05/12/2019 | 03/01/2017 | 1 | 40.00 | Main Collection | IBDxx,32000,01,GR |